000 00399nam a2200157Ia 4500
003 GCL
040 _aGCL /
_cGCL
082 0 4 _aCH
_b833
_bG W
100 1 _aGLESS, KARLHEING
245 1 0 _aWIRBEL: EIN TAG IM LEBEN EINES PFERDES /
_cGLESS, KARLHEING
260 _a[S.N] :
_bALTBEBINER VERLAG ،
_c1995
650 0 4 _aCHILDREN
650 0 4 _aFICTION
650 0 4 _aCHILDREN - FICTION
942 _2ddc
_cBK
999 _c15130
_d15130